[Event "4NCL Online Division 3"]
[Site "online"]
[Date "2021.11.16"]
[EventDate "2021.11.16"]
[Round "7.23"]
[White "Xia, Weiquan"]
[WhiteElo "1209"]
[WhiteTeam "Warwickshire Bears B"]
[Black "Clark, Matthew D H"]
[BlackElo "1787"]
[BlackTeam "Shropshire and Friends 3"]
[Result "1/2-1/2"]
[PlyCount "66"]

1. d4 Nf6 2. Bf4 d5 3. Nf3 c5 4. e3 Nc6 5. c3 Qb6 6. Qb3 c4 7. Qxb6 axb6 8. a3 Bf5 9. Nbd2 e6 10. Nh4 Bg6 11. Nxg6 hxg6 12. Nf3 Be7 13. g3 b5 14. Bg2 b4 15. a4 b5 16. a5 Rxa5 17. Rxa5 Nxa5 18. O-O Nc6 19. Ne5 Nxe5 20. Bxe5 O-O 21. Ra1 bxc3 22. bxc3 b4 23. cxb4 Bxb4 24. Bxf6 gxf6 25. e4 dxe4 26. Ra4 Rb8 27. Bxe4 c3 28. Kf1 Bf8 29. Rc4 Bb4 30. Ke2 Ba5 31. Bc2 Kf8 32. Kd3 Ke7 33. Ra4 Bb4 1/2-1/2

[Event "4NCL Online Division 3"]
[Site "online"]
[Date "2021.11.16"]
[EventDate "2021.11.16"]
[Round "7.31"]
[White "Oswald, Graeme"]
[WhiteElo "2236"]
[WhiteTeam "Chessable White Rose 3"]
[Black "Tenin, Alex"]
[BlackElo "2000"]
[BlackTeam "War & Piece Overlord"]
[Result "0-1"]
[PlyCount "104"]

1. e4 e5 2. Nf3 Nc6 3. Bb5 a6 4. Ba4 Bc5 5. O-O Qf6 6. c3 b5 7. Bb3 Nge7 8. a4 b4 9. d3 d6 10. Nbd2 Bg4 11. h3 h5 12. a5 Nd8 13. Nc4 Ne6 14. Ne3 Bxf3 15. Qxf3 Qxf3 16. gxf3 Nf4 17. Rd1 bxc3 18. bxc3 Ne2+ 19. Kh2 Nxc3 20. Rg1 g6 21. Bd2 Ne2 22. Rgb1 Nd4 23. Bd1 Kd7 24. Nc4 Rhb8 25. f4 exf4 26. Bxf4 Ne6 27. Be3 Bd4 28. Bxd4 Nxd4 29. Kg3 Ke6 30. Kf4 Nec6 31. Ke3 f5 32. Nd2 g5 33. f4 g4 34. hxg4 hxg4 35. Ba4 Rh8 36. Rh1 Rab8 37. Rac1 Rxh1 38. Rxh1 Rb4 39. Rh6+ Kd7 40. Rh7+ Kd8 41. Bxc6 Nxc6 42. exf5 Ne7 43. Nc4 Nxf5+ 44. Ke4 Ne7 45. f5 d5+ 46. Ke5 dxc4 47. Ke6 Kc8 48. Rh8+ Kb7 49. Kxe7 cxd3 50. Rd8 Re4+ 51. Kf7 Re3 52. f6 g3 0-1

[Event "4NCL Online Division 3"]
[Site "online"]
[Date "2021.11.16"]
[EventDate "2021.11.16"]
[Round "7.32"]
[White "O'Byrne, Daniel"]
[WhiteElo "1922"]
[WhiteTeam "War & Piece Overlord"]
[Black "Mooney, David Paul"]
[BlackElo "2214"]
[BlackTeam "Chessable White Rose 3"]
[Result "1-0"]
[PlyCount "57"]

1. e4 e5 2. Nf3 Nc6 3. Bb5 Nf6 4. O-O Nxe4 5. d4 Nd6 6. Bxc6 dxc6 7. dxe5 Nf5 8. Qxd8+ Kxd8 9. Rd1+ Ke8 10. Nc3 Be7 11. Bg5 Bxg5 12. Nxg5 Ke7 13. h3 h6 14. Nge4 h5 15. a4 a5 16. Ng5 h4 17. Rd3 Rh5 18. Nce4 b6 19. Rad1 f6 20. exf6+ gxf6 21. Re1 fxg5 22. Ng3+ Kf7 23. Nxh5 Be6 24. Rf3 Rd8 25. g4 hxg3 26. fxg3 g4 27. hxg4 Rg8 28. gxf5 Bd5 29. Rfe3 1-0

[Event "4NCL Online Division 3"]
[Site "online"]
[Date "2021.11.16"]
[EventDate "2021.11.16"]
[Round "7.33"]
[White "Wills, Tom"]
[WhiteElo "2018"]
[WhiteTeam "Chessable White Rose 3"]
[Black "Taylor, Harry"]
[BlackElo "1823"]
[BlackTeam "War & Piece Overlord"]
[Result "1-0"]
[PlyCount "79"]

1. e4 c6 2. Nc3 d5 3. Nf3 dxe4 4. Nxe4 Nf6 5. Qe2 Nxe4 6. Qxe4 Nd7 7. Bc4 Nf6 8. Ne5 Nd5 9. O-O g6 10. d4 Bg7 11. c3 O-O 12. a4 Bf5 13. Qe2 Qd6 14. a5 c5 15. a6 b6 16. Qf3 Rad8 17. Rd1 cxd4 18. cxd4 Bc8 19. Bxd5 Qxd5 20. Nc6 Qxf3 21. Nxe7+ Kh8 22. gxf3 Rxd4 23. Rxd4 Bxd4 24. Nc6 Bg7 25. Nxa7 Be6 26. Kg2 Bd7 27. Be3 Ra8 28. Bxb6 Bxb2 29. Rb1 Be5 30. Rd1 Be8 31. Re1 f6 32. f4 Bxf4 33. Re7 Be5 34. Bc7 Rxa7 35. Rxe8+ Kg7 36. Bxe5 fxe5 37. Re6 Kf7 38. Rb6 Kg8 39. Kf3 Kf8 40. Rb8+ 1-0

[Event "4NCL Online Division 3"]
[Site "online"]
[Date "2021.11.16"]
[EventDate "2021.11.16"]
[Round "7.34"]
[White "Kelly, Richard"]
[WhiteElo "1790"]
[WhiteTeam "War & Piece Overlord"]
[Black "Mason, Peter F"]
[BlackElo "1813"]
[BlackTeam "Chessable White Rose 3"]
[Result "1/2-1/2"]
[PlyCount "171"]

1. d4 Nf6 2. c4 g6 3. Nc3 d5 4. cxd5 Nxd5 5. Bd2 Bg7 6. e4 Nxc3 7. Bxc3 c5 8. d5 O-O 9. Bxg7 Kxg7 10. Qd2 Nd7 11. Nf3 Nf6 12. Bd3 c4 13. Bxc4 Nxe4 14. Qd4+ Nf6 15. O-O-O Bf5 16. h3 Rc8 17. Kd2 Qa5+ 18. Ke2 b5 19. Bb3 Bc2 20. Rd2 Bxb3 21. axb3 b4 22. Rhd1 Rfd8 23. Kf1 Rxd5 24. Qe3 Rxd2 25. Nxd2 Qc5 26. Nc4 Qxe3 27. fxe3 Rc7 28. Ke2 Ne4 29. Rd4 f5 30. Rd5 Nc5 31. Nd2 Kf6 32. g4 e6 33. Rd4 a5 34. gxf5 exf5 35. Kf3 g5 36. Rd6+ Ne6 37. Nc4 a4 38. Nb6 Rc2 39. Nxa4 h5 40. Rb6 g4+ 41. Kg3 Kg5 42. hxg4 fxg4 43. Rb5+ Kg6 44. Rxb4 Re2 45. Re4 Ng5 46. Re8 Nf3 47. Nc3 Rxb2 48. Nd5 Rxb3 49. Nf4+ Kf7 50. Re4 Rb1 51. Nxh5 Rg1+ 52. Kf4 Ng5 53. Kxg5 g3 54. Kg4 g2 55. Kg3 Rh1 56. Rf4+ Kg6 57. Rf6+ Kxh5 58. Kxg2 Kg5 59. Rf8 Rh6 60. Re8 Rf6 61. Kg3 Rf1 62. e4 Re1 63. Kf3 Kf6 64. Kf4 Rf1+ 65. Ke3 Re1+ 66. Kd3 Rd1+ 67. Kc4 Kf7 68. Re5 Kf6 69. Rd5 Re1 70. Rf5+ Ke6 71. Kd4 Rd1+ 72. Ke3 Re1+ 73. Kf3 Rf1+ 74. Kg4 Rxf5 75. exf5+ Kf6 76. Kf4 Kf7 77. Ke5 Ke7 78. Kf4 Kf6 79. Kg4 Kf7 80. Kg5 Kg7 81. Kf4 Kf6 82. Ke4 Kf7 83. Kf3 Kf6 84. Kg4 Kf7 85. Kh5 Kf6 86. Kg4 1/2-1/2

[Event "4NCL Online Division 3"]
[Site "online"]
[Date "2021.11.16"]
[EventDate "2021.11.16"]
[Round "7.41"]
[White "Zhang, Zheming"]
[WhiteElo "1994"]
[WhiteTeam "Forest Hall Juniors"]
[Black "Robertson, Mark M"]
[BlackElo "2055"]
[BlackTeam "Catford Cosmonauts 3"]
[Result "1-0"]
[PlyCount "141"]

1. e4 c6 2. d3 d5 3. Nd2 e5 4. g3 Bd6 5. Bg2 Nf6 6. Ngf3 O-O 7. O-O Re8 8. Qe2 Bg4 9. h3 Bh5 10. Nb3 c5 11. Bg5 d4 12. g4 Bg6 13. Nh4 h6 14. Bc1 Nbd7 15. Nxg6 fxg6 16. f4 exf4 17. Bxf4 Bxf4 18. Rxf4 Qc7 19. Qf2 Qe5 20. Nd2 b5 21. Rf1 Rf8 22. Rf3 Nh7 23. Qe2 Ng5 24. Rxf8+ Rxf8 25. Rxf8+ Nxf8 26. Nf3 Nxf3+ 27. Qxf3 a5 28. Qf2 c4 29. Bf1 c3 30. bxc3 dxc3 31. d4 Qg5 32. d5 Nd7 33. Bxb5 Ne5 34. d6 Qc1+ 35. Kg2 Qd2 36. Qxd2 cxd2 37. Be2 Kf7 38. Kf2 Ke6 39. Ke3 Kxd6 40. Kxd2 g5 41. c4 Kc5 42. Kc3 Ng6 43. Bf1 Ne5 44. Be2 Ng6 45. Kb3 Nf4 46. Bf1 Ne6 47. e5 Kb6 48. Bg2 Kc5 49. Bd5 Nf4 50. e6 Kd6 51. Ka4 Nxh3 52. Kxa5 h5 53. Kb6 Nf4 54. gxh5 Nxd5+ 55. cxd5 g4 56. e7 Kd7 57. e8=Q+ Kxe8 58. Kc7 g3 59. d6 g2 60. d7+ Kf7 61. d8=Q g1=Q 62. Qd5+ Kf6 63. Qd6+ Kf7 64. Qg6+ Qxg6 65. hxg6+ Kxg6 66. a4 Kf5 67. a5 g5 68. a6 g4 69. a7 g3 70. a8=Q Kf4 71. Qg2 1-0

[Event "4NCL Online Division 3"]
[Site "online"]
[Date "2021.11.16"]
[EventDate "2021.11.16"]
[Round "7.42"]
[White "Alvares, Owen"]
[WhiteElo "1792"]
[WhiteTeam "Catford Cosmonauts 3"]
[Black "Amoako Philip Selikem Yao"]
[BlackElo "1620"]
[BlackTeam "Forest Hall Juniors"]
[Result "0-1"]
[PlyCount "112"]

1. e4 c5 2. Nf3 Nc6 3. c4 g6 4. a3 Bg7 5. d3 Nf6 6. Bd2 O-O 7. Bc3 d6 8. h3 a6 9. Be2 b5 10. Qd2 bxc4 11. Bxf6 Bxf6 12. dxc4 Rb8 13. Nc3 Qa5 14. Rc1 Nd4 15. Nxd4 cxd4 16. Nd1 Qxd2+ 17. Kxd2 Bg5+ 18. Kc2 Bxc1 19. Kxc1 Be6 20. Bd3 Rfc8 21. b4 Bxc4 22. Kd2 Bxd3 23. Kxd3 e5 24. Re1 Rc1 25. Rf1 Rbc8 26. f3 R8c2 27. f4 Ra2 28. fxe5 dxe5 29. a4 Rxa4 30. Kd2 Raa1 31. g4 Kf8 32. g5 Ke7 33. h4 Rxd1+ 34. Rxd1 Rxd1+ 35. Kxd1 Kd6 36. Kc2 Kc6 37. Kb3 Kb5 38. Ka3 d3 39. Kb3 d2 40. Kc2 Kxb4 41. Kxd2 a5 42. Kc2 a4 43. Kb2 Kc4 44. Ka3 Kd4 45. Kxa4 Kxe4 46. Kb3 Kd3 47. Kb4 e4 48. Kc5 e3 49. Kd5 e2 50. Ke5 e1=Q+ 51. Kf4 Qxh4+ 52. Kf3 Qxg5 53. Kf2 Qe3+ 54. Kg2 Ke4 55. Kf1 Qd2 56. Kg1 Kf3 0-1

[Event "4NCL Online Division 3"]
[Site "online"]
[Date "2021.11.16"]
[EventDate "2021.11.16"]
[Round "7.43"]
[White "Johnston, Alexander"]
[WhiteElo "1654"]
[WhiteTeam "Forest Hall Juniors"]
[Black "Kizilay, Huseyin Gokhan"]
[BlackElo "1721"]
[BlackTeam "Catford Cosmonauts 3"]
[Result "1-0"]
[PlyCount "88"]

1. e4 c6 2. d4 d6 3. Bf4 Nf6 4. Bd3 g6 5. Nf3 Bg7 6. h3 Nbd7 7. Nbd2 Qc7 8. c3 Nh5 9. Bh2 e5 10. dxe5 dxe5 11. O-O Nf4 12. Bxf4 exf4 13. Re1 O-O 14. Nc4 b5 15. Ncd2 Nc5 16. Bc2 Be6 17. Bb3 Rad8 18. Bxe6 fxe6 19. Qc2 e5 20. Rad1 Nd3 21. Re2 c5 22. c4 Nb4 23. Qb1 a6 24. a3 Nc6 25. Qc2 Nd4 26. Nxd4 exd4 27. Qd3 Rb8 28. Nf3 Rfe8 29. b3 Qa5 30. cxb5 axb5 31. b4 Qc7 32. bxc5 Qxc5 33. Qb3+ Kh8 34. Qb4 Qc4 35. Red2 Rxe4 36. Qd6 Rbe8 37. Nxd4 Re1+ 38. Kh2 Qf1 39. Rxe1 Qxe1 40. Nf3 Qe4 41. Rd5 Bf8 42. Qd7 Qe7 43. Qxb5 Qxa3 44. Qxe8 Qe7 1-0

[Event "4NCL Online Division 3"]
[Site "online"]
[Date "2021.11.16"]
[EventDate "2021.11.16"]
[Round "7.44"]
[White "Marchettini, Cristiano"]
[WhiteElo "1515"]
[WhiteTeam "Catford Cosmonauts 3"]
[Black "Mohindra, Arun"]
[BlackElo "1112"]
[BlackTeam "Forest Hall Juniors"]
[Result "1-0"]
[PlyCount "49"]

1. d4 Nf6 2. Nc3 d5 3. Bf4 c6 4. e3 g6 5. Nf3 Bg7 6. Be2 O-O 7. O-O Nbd7 8. Re1 Nh5 9. Bg5 h6 10. Bh4 Nhf6 11. Ne5 Nxe5 12. dxe5 Ne8 13. f4 Qb6 14. Bd3 Qxb2 15. Ne2 Qb6 16. Bxe7 Qxe3+ 17. Kh1 Bg4 18. Bxf8 Bxf8 19. h3 Be6 20. Rb1 b6 21. Qc1 Qc5 22. Rf1 Qa5 23. Nd4 Qxa2 24. Nxe6 fxe6 25. Ra1 1-0

[Event "4NCL Online Division 3"]
[Site "online"]
[Date "2021.11.16"]
[EventDate "2021.11.16"]
[Round "7.51"]
[White "Johnson, Derek R"]
[WhiteElo "2017"]
[WhiteTeam "Crowthorne 1"]
[Black "Robinson, Brian"]
[BlackElo "1640"]
[BlackTeam "Bishop Trojans"]
[Result "1/2-1/2"]
[PlyCount "115"]

1. e4 c5 2. Nf3 d6 3. Bb5+ Bd7 4. a4 a6 5. Bd3 Nf6 6. c3 g6 7. O-O Bg7 8. Bc2 O-O 9. d4 cxd4 10. cxd4 Qc7 11. Nc3 Nc6 12. Bg5 Bg4 13. Rc1 Bxf3 14. gxf3 Qd7 15. Ne2 Rab8 16. Qd2 Qh3 17. Qe3 e5 18. d5 Ne7 19. Kh1 h6 20. Bxf6 Bxf6 21. Ng1 Qh4 22. Ne2 Bg5 23. f4 exf4 24. Qf3 h5 25. Nd4 Bh6 26. Bb1 Qf6 27. Qd3 Kh8 28. Rc3 Bg7 29. Ne2 Rbc8 30. Rb3 Rb8 31. Qf3 Bh6 32. Rc1 Rfc8 33. Rxc8+ Nxc8 34. Bd3 Ne7 35. Bxa6 b6 36. Rc3 Ra8 37. Bb5 Rc8 38. Rxc8+ Nxc8 39. Qc3 Qxc3 40. bxc3 g5 41. c4 Kg7 42. Nd4 Na7 43. Bd7 Kf8 44. Nf5 Bg7 45. Nxd6 Ke7 46. Nf5+ Kxd7 47. Nxg7 h4 48. Nf5 Nc8 49. Kg2 Nd6 50. Nxd6 Kxd6 51. Kf3 f6 52. h3 Kc5 53. Kg4 Kd6 54. f3 Ke5 55. Kh5 Kd6 56. Kg4 Ke5 57. Kh5 Kd6 58. Kg4 1/2-1/2

[Event "4NCL Online Division 3"]
[Site "online"]
[Date "2021.11.16"]
[EventDate "2021.11.16"]
[Round "7.52"]
[White "Smith, Peter J"]
[WhiteElo "1598"]
[WhiteTeam "Bishop Trojans"]
[Black "Green, George D A"]
[BlackElo "1889"]
[BlackTeam "Crowthorne 1"]
[Result "0-1"]
[PlyCount "96"]

1. h3 d5 2. a3 e5 3. d3 Bd6 4. c3 Bd7 5. Qc2 Ne7 6. Nd2 c5 7. Ngf3 Nbc6 8. e4 d4 9. c4 Ng6 10. g3 Qf6 11. Bg2 Rb8 12. Nf1 b5 13. h4 Qd8 14. N1d2 b4 15. a4 Bg4 16. b3 Qf6 17. Qd1 h5 18. Nf1 Qe7 19. N1h2 Bd7 20. Bd2 Kd8 21. Qc2 Kc7 22. Nf1 Rhf8 23. O-O-O Nd8 24. Kb2 Ne6 25. N1h2 f6 26. Ra1 a5 27. Ng1 f5 28. Nh3 f4 29. Bf3 fxg3 30. fxg3 Rh8 31. Qd1 Nef4 32. Nxf4 exf4 33. Bxh5 fxg3 34. Bg5 Qe6 35. Bg4 Qe8 36. Bxd7 Qxd7 37. Ng4 Rbf8 38. Rc1 Bf4 39. Bxf4+ Rxf4 40. h5 Ne7 41. Rh4 g5 42. Ne5 Rf2+ 43. Kb1 Qe6 44. Rg4 Qxe5 45. Qg1 Rxh5 46. Rf1 Qf6 47. e5 Rxf1+ 48. Kb2 Rh2+ 0-1

[Event "4NCL Online Division 3"]
[Site "online"]
[Date "2021.11.16"]
[EventDate "2021.11.16"]
[Round "7.53"]
[White "Taylor, Mark V"]
[WhiteElo "1825"]
[WhiteTeam "Crowthorne 1"]
[Black "Bainbridge, Bryan J"]
[BlackElo "1523"]
[BlackTeam "Bishop Trojans"]
[Result "1-0"]
[PlyCount "47"]

1. d4 b5 2. e4 Bb7 3. Bd3 e6 4. Nf3 a6 5. O-O h6 6. Re1 Nf6 7. Nbd2 c5 8. c3 cxd4 9. cxd4 Be7 10. Nf1 O-O 11. Ng3 Kh8 12. Bd2 Ng8 13. h3 d6 14. Rc1 Nc6 15. Bb1 Bf6 16. e5 dxe5 17. dxe5 Be7 18. Rxc6 Bxc6 19. Qc2 g6 20. Qxc6 Qc8 21. Qe4 Qc4 22. Qb7 Bb4 23. Re4 Qc5 24. Bxb4 1-0

[Event "4NCL Online Division 3"]
[Site "online"]
[Date "2021.11.16"]
[EventDate "2021.11.16"]
[Round "7.54"]
[White "Berry, Robert"]
[WhiteElo "1479"]
[WhiteTeam "Bishop Trojans"]
[Black "Love, James"]
[BlackElo "1597"]
[BlackTeam "Crowthorne 1"]
[Result "1/2-1/2"]
[PlyCount "136"]

1. e4 e6 2. d4 d5 3. e5 c5 4. c3 Nc6 5. Nf3 Bd7 6. Bd3 Qb6 7. Bc2 O-O-O 8. O-O Be7 9. a3 f6 10. exf6 Nxf6 11. dxc5 Bxc5 12. b4 Bd6 13. Be3 Qc7 14. b5 Na5 15. a4 Ng4 16. Bg5 Rdf8 17. h3 h6 18. Bh4 Nh2 19. Nxh2 Bxh2+ 20. Kh1 g5 21. g3 gxh4 22. Kxh2 hxg3+ 23. fxg3 Rxf1 24. Qxf1 Rg8 25. Qf3 h5 26. Bh7 Rh8 27. Qxh5 Be8 28. Qh6 Rxh7 29. Qxe6+ Qd7 30. Qxd7+ Bxd7 31. h4 Re7 32. Na3 Nc4 33. Nxc4 dxc4 34. Rc1 Re3 35. Kg2 a6 36. Kf2 Rd3 37. bxa6 bxa6 38. a5 Bg4 39. Rc2 Kc7 40. Rc1 Kc6 41. Rh1 Rxc3 42. h5 Rf3+ 43. Kg2 Rf5 44. Rh4 Bxh5 45. Rxc4+ Kb5 46. Rc3 Kxa5 47. Ra3+ Kb6 48. Rb3+ Ka7 49. Rb4 Bf3+ 50. Kh2 a5 51. Rd4 Ka6 52. g4 Rg5 53. Kg3 Bd1 54. Rxd1 Kb5 55. Kf4 Rg8 56. g5 Kb4 57. Kf5 Rf8+ 58. Kg6 Rg8+ 59. Kh6 a4 60. g6 a3 61. Rb1+ Kc3 62. Kh7 Ra8 63. g7 a2 64. Rc1+ Kb2 65. Rg1 Ra7 66. Kh8 Rxg7 67. Kxg7 a1=Q 68. Rxa1 Kxa1 1/2-1/2

[Event "4NCL Online Division 3"]
[Site "online"]
[Date "2021.11.16"]
[EventDate "2021.11.16"]
[Round "7.61"]
[White "Rossiter, Alex"]
[WhiteElo "1968"]
[WhiteTeam "Bristol Cabot Blackbeards"]
[Black "Russell, Chris"]
[BlackElo "1720"]
[BlackTeam "Watford 2"]
[Result "1-0"]
[PlyCount "37"]

1. e4 e6 2. d4 d5 3. Nc3 Bb4 4. e5 c5 5. a3 cxd4 6. axb4 dxc3 7. Nf3 Qc7 8. Qd4 Ne7 9. Bd3 Nbc6 10. Qxc3 Qb6 11. b5 d4 12. Qa3 Nb8 13. Bd2 Qd8 14. O-O Ng6 15. Bxg6 hxg6 16. Rfd1 Qb6 17. Ba5 Qxb5 18. Nxd4 Qc5 19. Qxc5 1-0

[Event "4NCL Online Division 3"]
[Site "online"]
[Date "2021.11.16"]
[EventDate "2021.11.16"]
[Round "7.62"]
[White "Littlefair, Paul"]
[WhiteElo "1663"]
[WhiteTeam "Watford 2"]
[Black "Marston, Alastair"]
[BlackElo "1713"]
[BlackTeam "Bristol Cabot Blackbeards"]
[Result "1-0"]
[PlyCount "45"]

1. e4 e6 2. Nf3 c5 3. d4 cxd4 4. Nxd4 Bc5 5. Nb3 Bb6 6. Nc3 Ne7 7. Bc4 O-O 8. O-O f5 9. Qe2 fxe4 10. Be3 d5 11. Bb5 a6 12. Qg4 Bxe3 13. fxe3 Nf5 14. Be2 Nxe3 15. Rxf8+ Qxf8 16. Qg3 Nf5 17. Qh3 e5 18. Rf1 Qd8 19. Bg4 Qb6+ 20. Kh1 Ne3 21. Nxd5 Bxg4 22. Ne7+ Kh8 23. Rf8# 1-0

[Event "4NCL Online Division 3"]
[Site "online"]
[Date "2021.11.16"]
[EventDate "2021.11.16"]
[Round "7.63"]
[White "Roberts, Mike"]
[WhiteElo "1438"]
[WhiteTeam "Bristol Cabot Blackbeards"]
[Black "Shaw, David K"]
[BlackElo "1624"]
[BlackTeam "Watford 2"]
[Result "0-1"]
[PlyCount "58"]

1. d4 Nf6 2. Bf4 c5 3. e3 Qb6 4. b3 d6 5. c3 g6 6. Nf3 Bg7 7. Nbd2 Nd5 8. Nc4 Qc7 9. Rc1 Nxf4 10. exf4 O-O 11. d5 b5 12. Ne3 Qa5 13. Qc2 Nd7 14. Be2 Bb7 15. O-O e6 16. c4 a6 17. Ng5 exd5 18. Nxd5 Bxd5 19. cxd5 Nf6 20. Bf3 Rac8 21. Rfd1 c4 22. Qd2 Qxd2 23. Rxd2 cxb3 24. axb3 Rxc1+ 25. Bd1 Re8 26. Nf3 Ne4 27. Rd3 Nc3 28. g3 Rxd1+ 29. Rxd1 Nxd1 0-1

[Event "4NCL Online Division 3"]
[Site "online"]
[Date "2021.11.16"]
[EventDate "2021.11.16"]
[Round "7.64"]
[White "Davids, Ewan"]
[WhiteElo "1390"]
[WhiteTeam "Watford 2"]
[Black "Saha, Soumil"]
[BlackElo "1193"]
[BlackTeam "Bristol Cabot Blackbeards"]
[Result "0-1"]
[PlyCount "60"]

1. d4 Nf6 2. c4 g6 3. Nc3 Bg7 4. Nf3 O-O 5. Bg5 d6 6. Qd2 Bg4 7. O-O-O Nbd7 8. e4 c5 9. h3 Bxf3 10. gxf3 Qa5 11. Bh6 cxd4 12. Qxd4 Bxh6+ 13. Kb1 Qb6 14. Qxb6 axb6 15. Rg1 Ne5 16. Be2 Rfc8 17. b3 Nh5 18. Nd5 Re8 19. Nxb6 Ra6 20. c5 Ra7 21. cxd6 exd6 22. Rxd6 Nf4 23. Bf1 Nxf3 24. Rg3 Ne5 25. Bb5 Re6 26. Rd8+ Kg7 27. Nd7 Rd6 28. Rc3 b6 29. Nxe5 Rxd8 30. Nc6 Rc8 0-1

[Event "4NCL Online Division 3"]
[Site "online"]
[Date "2021.11.16"]
[EventDate "2021.11.16"]
[Round "7.71"]
[White "Clark, Gary M"]
[WhiteTitle "FM"]
[WhiteElo "2258"]
[WhiteTeam "Charlton Cobras A"]
[Black "Granat, Russell G"]
[BlackElo "2270"]
[BlackTeam "Farnham A"]
[Result "1/2-1/2"]
[PlyCount "274"]

1. d4 d5 2. c4 Bf5 3. cxd5 Bxb1 4. Qa4+ c6 5. Rxb1 Qxd5 6. Nf3 Nd7 7. g3 Qe4 8. Ra1 e5 9. Bg2 exd4 10. O-O Bc5 11. Rd1 Ngf6 12. Nxd4 Qg4 13. h3 Qg6 14. b4 Bb6 15. Bb2 O-O 16. e3 Rfe8 17. Qc2 Ne5 18. Rac1 Qxc2 19. Nxc2 Rad8 20. Rxd8 Bxd8 21. b5 Nd3 22. Rb1 Nxb2 23. Rxb2 Nd5 24. bxc6 bxc6 25. Bxd5 cxd5 26. Rb5 Bb6 27. Rxd5 g6 28. Kf1 Rc8 29. Nb4 Rc4 30. Rb5 Rc1+ 31. Kg2 Rb1 32. a4 Ra1 33. Nd5 Rxa4 34. Nxb6 axb6 35. Rxb6 h5 36. h4 Kg7 37. Kf3 Ra2 38. e4 Rc2 39. Ke3 Rc3+ 40. Kf4 Ra3 41. f3 Ra4 42. Rb5 Rc4 43. Rb7 Ra4 44. Rb3 Rc4 45. Ke5 Rc6 46. Kd5 Ra6 47. Rd3 Kf6 48. Rb3 Ra5+ 49. Kd4 Ra6 50. Rc3 Rd6+ 51. Ke3 Ra6 52. Kf4 Ra4 53. Rc6+ Kg7 54. Rd6 Rb4 55. Rd5 Ra4 56. Rd7 Rb4 57. g4 hxg4 58. Kxg4 Ra4 59. h5 gxh5+ 60. Kxh5 Kf6 61. Kg4 Ke6 62. Rd5 Rb4 63. Ra5 Kf6 64. Rf5+ Kg6 65. Re5 Ra4 66. f4 Ra1 67. Rg5+ Kf6 68. e5+ Ke6 69. Rh5 Rg1+ 70. Kf3 Rf1+ 71. Ke3 Re1+ 72. Kf2 Ra1 73. Rh6+ Ke7 74. Kf3 Ra7 75. Rb6 Kf8 76. Kg4 Kg7 77. Kg5 Re7 78. Rd6 Re8 79. Kf5 Ra8 80. Rd7 Ra5 81. Ke4 Ra4+ 82. Rd4 Ra5 83. f5 Ra1 84. Rd3 Ra4+ 85. Kd5 Ra5+ 86. Kd6 Kf8 87. Rb3 Ra6+ 88. Kc5 Ke7 89. Rb7+ Ke8 90. Rb8+ Kd7 91. Rb7+ Ke8 92. f6 Ra1 93. Re7+ Kf8 94. Kd4 Rd1+ 95. Ke3 Re1+ 96. Kf2 Re4 97. Kf3 Re1 98. Kf2 Re4 99. Kf3 Re1 100. Kf4 Rf1+ 101. Ke4 Re1+ 102. Kd5 Rd1+ 103. Kc6 Rc1+ 104. Kd6 Rd1+ 105. Kc7 Rd2 106. Rd7 Rc2+ 107. Kb6 Rb2+ 108. Kc5 Rc2+ 109. Kd5 Rd2+ 110. Kc6 Rc2+ 111. Kb7 Rb2+ 112. Kc8 Rc2+ 113. Rc7 Rb2 114. Rc4 Rb1 115. Rh4 Rc1+ 116. Kd7 Rd1+ 117. Kc6 Rc1+ 118. Kd5 Rd1+ 119. Rd4 Ra1 120. Rb4 Ke8 121. Rb8+ Kd7 122. Rb7+ Ke8 123. Re7+ Kf8 124. Rc7 Ke8 125. Rb7 Rd1+ 126. Kc6 Rc1+ 127. Kd6 Rd1+ 128. Kc5 Rc1+ 129. Kd4 Rd1+ 130. Kc3 Rc1+ 131. Kd2 Rc5 132. Re7+ Kf8 133. Kd3 Rc1 134. Rb7 Ke8 135. Re7+ Kf8 136. Rb7 Ke8 137. Re7+ Kf8 1/2-1/2

[Event "4NCL Online Division 3"]
[Site "online"]
[Date "2021.11.16"]
[EventDate "2021.11.16"]
[Round "7.72"]
[White "Frostick, Clive A"]
[WhiteElo "2173"]
[WhiteTeam "Farnham A"]
[Black "Stebbings, Anthony J"]
[BlackTitle "FM"]
[BlackElo "2248"]
[BlackTeam "Charlton Cobras A"]
[Result "1/2-1/2"]
[PlyCount "62"]

1. e4 c5 2. Nf3 e6 3. c3 Nf6 4. e5 Nd5 5. g3 Nc6 6. Bg2 Qc7 7. O-O d6 8. exd6 Bxd6 9. d4 O-O 10. Na3 a6 11. Nc4 Be7 12. dxc5 Bxc5 13. Qe2 b6 14. Ne3 Nf6 15. b3 Bb7 16. Bb2 Rfd8 17. Rfd1 a5 18. a3 h6 19. b4 Bd6 20. Rac1 Ne5 21. Nxe5 Bxe5 22. Rxd8+ Rxd8 23. c4 Bxg2 24. Kxg2 axb4 25. axb4 Qc6+ 26. f3 Bxb2 27. Qxb2 Rd3 28. Kf2 Nd7 29. Ke2 Rd6 30. Qc3 Nf6 31. Rc2 Rd8 1/2-1/2

[Event "4NCL Online Division 3"]
[Site "online"]
[Date "2021.11.16"]
[EventDate "2021.11.16"]
[Round "7.73"]
[White "Morris, David"]
[WhiteElo "1930"]
[WhiteTeam "Charlton Cobras A"]
[Black "Richardson, Kevin D"]
[BlackElo "2108"]
[BlackTeam "Farnham A"]
[Result "1-0"]
[PlyCount "133"]

1. e4 c5 2. Nc3 Nc6 3. Bb5 Nd4 4. Nf3 Nxb5 5. Nxb5 d5 6. exd5 a6 7. Nc3 Nf6 8. O-O Nxd5 9. Ne4 e6 10. d4 c4 11. b3 cxb3 12. axb3 Be7 13. c4 Nf6 14. Nxf6+ Bxf6 15. Ba3 Be7 16. Bxe7 Qxe7 17. Re1 O-O 18. Qc2 b6 19. Re3 Bb7 20. Rae1 Rac8 21. d5 Bxd5 22. Ne5 b5 23. Rh3 h6 24. Qe2 bxc4 25. bxc4 Bb7 26. Ng4 f5 27. Ne5 Rf6 28. Rg3 Be4 29. Qb2 Qc7 30. h4 Rb8 31. Qc3 a5 32. Nd7 Qxd7 33. Qxf6 a4 34. Qe5 Rb7 35. Ra3 Qc6 36. f3 Bc2 37. Qxe6+ Qxe6 38. Rxe6 Rc7 39. Rc3 Bb3 40. Re8+ Kf7 41. Ra8 Ke6 42. Ra5 Rd7 43. Kf2 Rd2+ 44. Kg3 g5 45. hxg5 hxg5 46. c5 f4+ 47. Kh2 Rd5 48. Ra6+ Ke5 49. c6 Rd8 50. c7 Rc8 51. Rb6 Be6 52. Rb8 Kd6 53. Rxc8 Bxc8 54. Ra3 Kxc7 55. Rxa4 Kd6 56. Kg1 Ke5 57. Kf2 g4 58. Ra5+ Kd4 59. Ra8 Be6 60. Re8 Bf5 61. Rf8 Ke5 62. Ra8 gxf3 63. Ra5+ Kf6 64. Kxf3 Kg5 65. Rc5 Kh4 66. Kxf4 Bg4 67. Rc7 1-0

[Event "4NCL Online Division 3"]
[Site "online"]
[Date "2021.11.16"]
[EventDate "2021.11.16"]
[Round "7.74"]
[White "Warren, Alex M"]
[WhiteElo "1999"]
[WhiteTeam "Farnham A"]
[Black "Domi, Andel"]
[BlackElo "1940"]
[BlackTeam "Charlton Cobras A"]
[Result "1-0"]
[PlyCount "97"]

1. Nf3 Nf6 2. d4 d5 3. c4 c6 4. g3 Bg4 5. Bg2 dxc4 6. Ne5 Be6 7. Na3 Bd5 8. f3 Nbd7 9. Naxc4 b5 10. Nxd7 Nxd7 11. Ne3 Nb6 12. O-O g6 13. Nxd5 Nxd5 14. e4 Nf6 15. Be3 Bg7 16. Qc1 Rc8 17. Rd1 O-O 18. Bh3 e6 19. Bh6 Qb6 20. Bxg7 Kxg7 21. Kh1 Rfd8 22. Qc3 Rc7 23. Rd2 Rcd7 24. Rad1 b4 25. Qc4 Ne8 26. a4 bxa3 27. bxa3 Nd6 28. Qa2 Nb5 29. d5 Kg8 30. dxe6 Nc3 31. Rxd7 Nxd1 32. exf7+ Kf8 33. Qd2 Nf2+ 34. Kg2 Rxd7 35. Bxd7 Nxe4 36. fxe4 Kxf7 37. Qf2+ Qxf2+ 38. Kxf2 c5 39. Ke3 Ke7 40. Bc6 Kd6 41. Bd5 Kc7 42. h4 Kb6 43. Kd3 a5 44. Kc4 a4 45. g4 h6 46. g5 h5 47. Bf7 Kc7 48. Bxg6 Kd7 49. Bxh5 1-0

[Event "4NCL Online Division 3"]
[Site "online"]
[Date "2021.11.16"]
[EventDate "2021.11.16"]
[Round "7.81"]
[White "Badger, Paul"]
[WhiteElo "1787"]
[WhiteTeam "Broadland Falco Duboisi"]
[Black "Jenkins, John"]
[BlackElo "2089"]
[BlackTeam "Stroud Oldies"]
[Result "0-1"]
[PlyCount "128"]

1. e4 c5 2. c3 g6 3. Nf3 Bg7 4. d4 Qc7 5. Be2 b6 6. Be3 Bb7 7. Nbd2 Nf6 8. e5 Nd5 9. Bg5 h6 10. Bh4 Nf4 11. O-O Nc6 12. h3 e6 13. Ne4 g5 14. Nd6+ Kf8 15. Bg3 Nd5 16. Nd2 cxd4 17. cxd4 Nxd4 18. Bh5 f5 19. exf6 Bxf6 20. Nf7 Nf4 21. Bxf4 Qxf4 22. Nxh8 Bxh8 23. Nf3 Ke7 24. Nxd4 Bxd4 25. Qd3 Rf8 26. Qe2 Qg3 27. Qg4 Qxg4 28. Bxg4 Bxb2 29. Rab1 Bd4 30. Rbd1 Bc5 31. Rd2 Rf4 32. Be2 Bd5 33. Bb5 g4 34. g3 Rb4 35. a4 gxh3 36. Re1 Kd8 37. Kh2 a6 38. Bxa6 Rxa4 39. Bf1 Bb4 40. Rd4 Bxe1 41. Rxa4 Bxf2 42. Kxh3 e5 43. Bb5 Ke7 44. Ra7 Be6+ 45. Kg2 Bd4 46. Kf3 Kd6 47. Ke2 e4 48. Ra4 Kc5 49. Ba6 Bg4+ 50. Ke1 d5 51. Ra2 Be5 52. Rc2+ Kd6 53. Bb7 Bxg3+ 54. Kf1 e3 55. Ba6 h5 56. Bb5 h4 57. Rc6+ Ke5 58. Rxb6 h3 59. Rh6 h2 60. Be2 Bxe2+ 61. Kxe2 Ke4 62. Re6+ Be5 63. Rh6 d4 64. Rh4+ Bf4 0-1